<?xml version="1.0" encoding="UTF-8"?>
<record
    xmlns:xsi="http://www.w3.org/2001/XMLSchema-instance"
    xsi:schemaLocation="http://www.loc.gov/MARC21/slim http://www.loc.gov/standards/marcxml/schema/MARC21slim.xsd"
    xmlns="http://www.loc.gov/MARC21/slim">

  <leader>00963nam a22002417a 4500</leader>
  <controlfield tag="005">20180201143446.0</controlfield>
  <datafield tag="010" ind1=" " ind2=" ">
    <subfield code="a">1718EN-30   ENG-121730            </subfield>
  </datafield>
  <datafield tag="020" ind1=" " ind2=" ">
    <subfield code="a">9789381162057</subfield>
    <subfield code="c">325.00</subfield>
  </datafield>
  <datafield tag="035" ind1=" " ind2=" ">
    <subfield code="a">EN-105262</subfield>
  </datafield>
  <datafield tag="035" ind1=" " ind2=" ">
    <subfield code="a">B-686968-974</subfield>
  </datafield>
  <datafield tag="037" ind1=" " ind2=" ">
    <subfield code="b">Ane Books</subfield>
    <subfield code="a">dpl</subfield>
  </datafield>
  <datafield tag="037" ind1=" " ind2=" ">
    <subfield code="b">DBAD/PUB</subfield>
  </datafield>
  <datafield tag="082" ind1=" " ind2=" ">
    <subfield code="a">541</subfield>
  </datafield>
  <datafield tag="100" ind1=" " ind2=" ">
    <subfield code="a">Datta, S.C.</subfield>
  </datafield>
  <datafield tag="245" ind1=" " ind2=" ">
    <subfield code="a">Undergraduate chemistry volume-II :</subfield>
    <subfield code="c">by S.C. Datta </subfield>
    <subfield code="b">(semester-II course, including practicals) /</subfield>
  </datafield>
  <datafield tag="260" ind1=" " ind2=" ">
    <subfield code="a">New Delhi </subfield>
    <subfield code="b">Ane Books </subfield>
    <subfield code="c">2015</subfield>
  </datafield>
  <datafield tag="270" ind1=" " ind2=" ">
    <subfield code="a">4821, Parwana Bhawan, Ist Floor, 24 Ansari Road, Daryaganj, </subfield>
    <subfield code="b">New Delhi</subfield>
    <subfield code="e">110002</subfield>
  </datafield>
  <datafield tag="300" ind1=" " ind2=" ">
    <subfield code="a">xxi,380p.</subfield>
    <subfield code="c">23cm(pbk)</subfield>
  </datafield>
  <datafield tag="490" ind1=" " ind2=" ">
    <subfield code="a">Ane's student edition </subfield>
  </datafield>
  <datafield tag="500" ind1=" " ind2=" ">
    <subfield code="a">Includes index </subfield>
  </datafield>
  <datafield tag="942" ind1=" " ind2=" ">
    <subfield code="2">ddc</subfield>
    <subfield code="c">EN</subfield>
    <subfield code="m">DAT</subfield>
    <subfield code="h">541</subfield>
  </datafield>
  <datafield tag="999" ind1=" " ind2=" ">
    <subfield code="c">146225</subfield>
    <subfield code="d">146225</subfield>
  </datafield>
  <datafield tag="952" ind1=" " ind2=" ">
    <subfield code="0">0</subfield>
    <subfield code="1">0</subfield>
    <subfield code="4">0</subfield>
    <subfield code="7">1</subfield>
    <subfield code="8">NFIC</subfield>
    <subfield code="a">DBAD</subfield>
    <subfield code="b">DBAD</subfield>
    <subfield code="d">2017-12-05</subfield>
    <subfield code="e">DBAD/PUB</subfield>
    <subfield code="g">325.00</subfield>
    <subfield code="l">0</subfield>
    <subfield code="o">541 DAT</subfield>
    <subfield code="p">EN-105262</subfield>
    <subfield code="r">2017-12-05 00:00:00</subfield>
    <subfield code="t">1</subfield>
    <subfield code="v">325.00</subfield>
    <subfield code="w">2017-12-05</subfield>
    <subfield code="y">EN</subfield>
  </datafield>
  <datafield tag="952" ind1=" " ind2=" ">
    <subfield code="0">0</subfield>
    <subfield code="1">0</subfield>
    <subfield code="4">0</subfield>
    <subfield code="7">0</subfield>
    <subfield code="8">NFIC</subfield>
    <subfield code="a">L</subfield>
    <subfield code="b">L</subfield>
    <subfield code="d">2018-02-01</subfield>
    <subfield code="e">Ane/ABPL/17-18/2149/29.11.17/BPPD/EN/17-18/635/21.11.2017/ 6.1.2018</subfield>
    <subfield code="g">325.00</subfield>
    <subfield code="l">8</subfield>
    <subfield code="m">4</subfield>
    <subfield code="o">541 DAT</subfield>
    <subfield code="p">B-686968</subfield>
    <subfield code="r">2021-12-08 00:00:00</subfield>
    <subfield code="s">2021-10-29</subfield>
    <subfield code="t">1</subfield>
    <subfield code="v">325.00</subfield>
    <subfield code="y">EN</subfield>
  </datafield>
  <datafield tag="952" ind1=" " ind2=" ">
    <subfield code="0">0</subfield>
    <subfield code="1">0</subfield>
    <subfield code="4">0</subfield>
    <subfield code="7">0</subfield>
    <subfield code="8">NFIC</subfield>
    <subfield code="a">AV</subfield>
    <subfield code="b">AV</subfield>
    <subfield code="d">2018-02-01</subfield>
    <subfield code="e">Ane/ABPL/17-18/2149/29.11.17/BPPD/EN/17-18/635/21.11.2017/ 6.1.2018</subfield>
    <subfield code="g">325.00</subfield>
    <subfield code="l">5</subfield>
    <subfield code="m">1</subfield>
    <subfield code="o">541 DAT</subfield>
    <subfield code="p">B-686969</subfield>
    <subfield code="r">2021-09-15 00:00:00</subfield>
    <subfield code="s">2021-09-01</subfield>
    <subfield code="t">1</subfield>
    <subfield code="v">325.00</subfield>
    <subfield code="y">EN</subfield>
  </datafield>
  <datafield tag="952" ind1=" " ind2=" ">
    <subfield code="0">0</subfield>
    <subfield code="1">0</subfield>
    <subfield code="4">0</subfield>
    <subfield code="7">0</subfield>
    <subfield code="8">NFIC</subfield>
    <subfield code="a">BL1</subfield>
    <subfield code="b">BL1</subfield>
    <subfield code="d">2018-02-01</subfield>
    <subfield code="e">Ane/ABPL/17-18/2149/29.11.17/BPPD/EN/17-18/635/21.11.2017/ 6.1.2018</subfield>
    <subfield code="g">325.00</subfield>
    <subfield code="l">4</subfield>
    <subfield code="m">1</subfield>
    <subfield code="o">541 DAT</subfield>
    <subfield code="p">B-686970</subfield>
    <subfield code="r">2021-09-09 00:00:00</subfield>
    <subfield code="s">2020-03-07</subfield>
    <subfield code="t">1</subfield>
    <subfield code="v">325.00</subfield>
    <subfield code="y">EN</subfield>
  </datafield>
  <datafield tag="952" ind1=" " ind2=" ">
    <subfield code="0">0</subfield>
    <subfield code="1">0</subfield>
    <subfield code="4">0</subfield>
    <subfield code="7">0</subfield>
    <subfield code="8">NFIC</subfield>
    <subfield code="a">JP</subfield>
    <subfield code="b">JP</subfield>
    <subfield code="d">2018-02-01</subfield>
    <subfield code="e">Ane/ABPL/17-18/2149/29.11.17/BPPD/EN/17-18/635/21.11.2017/ 6.1.2018</subfield>
    <subfield code="g">325.00</subfield>
    <subfield code="l">7</subfield>
    <subfield code="m">3</subfield>
    <subfield code="o">541 DAT</subfield>
    <subfield code="p">B-686971</subfield>
    <subfield code="r">2023-08-07 00:00:00</subfield>
    <subfield code="s">2023-08-02</subfield>
    <subfield code="t">1</subfield>
    <subfield code="v">325.00</subfield>
    <subfield code="y">EN</subfield>
  </datafield>
  <datafield tag="952" ind1=" " ind2=" ">
    <subfield code="0">0</subfield>
    <subfield code="1">0</subfield>
    <subfield code="4">0</subfield>
    <subfield code="7">0</subfield>
    <subfield code="8">NFIC</subfield>
    <subfield code="a">BN</subfield>
    <subfield code="b">BN</subfield>
    <subfield code="d">2018-02-01</subfield>
    <subfield code="e">Ane/ABPL/17-18/2149/29.11.17/BPPD/EN/17-18/635/21.11.2017/ 6.1.2018</subfield>
    <subfield code="g">325.00</subfield>
    <subfield code="l">2</subfield>
    <subfield code="o">541 DAT</subfield>
    <subfield code="p">B-686972</subfield>
    <subfield code="r">2026-03-16 00:00:00</subfield>
    <subfield code="s">2026-02-21</subfield>
    <subfield code="t">1</subfield>
    <subfield code="v">325.00</subfield>
    <subfield code="y">EN</subfield>
  </datafield>
  <datafield tag="952" ind1=" " ind2=" ">
    <subfield code="0">0</subfield>
    <subfield code="1">0</subfield>
    <subfield code="4">0</subfield>
    <subfield code="7">0</subfield>
    <subfield code="8">NFIC</subfield>
    <subfield code="a">BL4</subfield>
    <subfield code="b">BL4</subfield>
    <subfield code="d">2018-02-01</subfield>
    <subfield code="e">Ane/ABPL/17-18/2149/29.11.17/BPPD/EN/17-18/635/21.11.2017/ 6.1.2018</subfield>
    <subfield code="g">325.00</subfield>
    <subfield code="l">11</subfield>
    <subfield code="m">2</subfield>
    <subfield code="o">541 DAT</subfield>
    <subfield code="p">B-686973</subfield>
    <subfield code="r">2025-05-06 00:00:00</subfield>
    <subfield code="s">2025-04-23</subfield>
    <subfield code="t">1</subfield>
    <subfield code="v">325.00</subfield>
    <subfield code="y">EN</subfield>
  </datafield>
  <datafield tag="952" ind1=" " ind2=" ">
    <subfield code="0">0</subfield>
    <subfield code="1">0</subfield>
    <subfield code="4">0</subfield>
    <subfield code="7">0</subfield>
    <subfield code="8">NFIC</subfield>
    <subfield code="a">VV</subfield>
    <subfield code="b">VV</subfield>
    <subfield code="d">2018-02-01</subfield>
    <subfield code="e">Ane/ABPL/17-18/2149/29.11.17/BPPD/EN/17-18/635/21.11.2017/ 6.1.2018</subfield>
    <subfield code="g">325.00</subfield>
    <subfield code="l">0</subfield>
    <subfield code="o">541 DAT</subfield>
    <subfield code="p">B-686974</subfield>
    <subfield code="r">2018-02-01 00:00:00</subfield>
    <subfield code="t">1</subfield>
    <subfield code="v">325.00</subfield>
    <subfield code="y">EN</subfield>
  </datafield>
</record>
